| 000 -LEADER |
| fixed length control field |
00886cam a2200253 a 4500 |
| 001 - CONTROL NUMBER |
| control field |
11802 |
| 003 - CONTROL NUMBER IDENTIFIER |
| control field |
BD-DhUAP |
| 005 - DATE AND TIME OF LATEST TRANSACTION |
| control field |
20200216143435.0 |
| 008 - FIXED-LENGTH DATA ELEMENTS--GENERAL INFORMATION |
| fixed length control field |
200209s2000 bg l 000 0 eng |
| 020 ## - INTERNATIONAL STANDARD BOOK NUMBER |
| Canceled/invalid ISBN |
9843000031596 |
| 040 ## - CATALOGING SOURCE |
| Original cataloging agency |
BD-DhUAP |
| Transcribing agency |
BD-DhUAP |
| Modifying agency |
BD-DhUAP |
| Language of cataloging |
Eng |
| 082 ## - DEWEY DECIMAL CLASSIFICATION NUMBER |
| Edition number |
23 |
| Classification number |
345.02095492 RAH |
| 245 10 - TITLE STATEMENT |
| Title |
Nari-o-shishu nirjatan daman ain, 2000 / |
| Statement of responsibility, etc. |
Mir Shamsur Rahman and Mst. Masuda Akhter Jahan. |
| 250 ## - EDITION STATEMENT |
| Edition statement |
1st ed. |
| 260 ## - PUBLICATION, DISTRIBUTION, ETC. |
| Place of publication, distribution, etc. |
Dhaka : |
| Name of publisher, distributor, etc. |
Babu law book centre, |
| Date of publication, distribution, etc. |
c2009. |
| 300 ## - PHYSICAL DESCRIPTION |
| Extent |
xi, 225 pages ; |
| Dimensions |
22 cm. |
| 520 ## - SUMMARY, ETC. |
| Summary, etc. |
Commentary on Nārī o Śiśu Niryātana Damana Āina, 2000, act to contain oppression of women and children in Bangladesh. |
| 546 ## - LANGUAGE NOTE |
| Language note |
Includes passages in Bengali. |
| 650 #0 - SUBJECT ADDED ENTRY--TOPICAL TERM |
| Topical term or geographic name entry element |
Rape |
| Geographic subdivision |
Bangladesh. |
| 650 #0 - SUBJECT ADDED ENTRY--TOPICAL TERM |
| Topical term or geographic name entry element |
Rape |
| Geographic subdivision |
Bangladesh |
| General subdivision |
Cases. |
| 700 ## - ADDED ENTRY--PERSONAL NAME |
| Personal name |
Jahan, Mst. Masuda Akhter. |
| 942 ## - ADDED ENTRY ELEMENTS (KOHA) |
| Source of classification or shelving scheme |
|
| Koha item type |
Book |